| 000 | 01028nam a2200265 i 4500 | ||
|---|---|---|---|
| 001 | 7584 | ||
| 003 | ES-MaACL | ||
| 005 | 20230906145252.0 | ||
| 007 | t| | ||
| 007 | t| | ||
| 008 | 910305s1986 sp a b |||| |dspa d | ||
| 020 | _a84-398-6798-0 | ||
| 080 | _a016:821.134.2-93"19" | ||
| 080 | _a929:821.134.2"19" | ||
| 245 | 0 | 0 |
_a100 autores españoles de literatura infantil / _c[Asociación Española de Amigos del IBBY]. |
| 246 | 2 | _aCien autores españoles de literatura infantil | |
| 260 |
_aMadrid : _bAsociación Española de Amigos del IBBY, con la colaboración del Ministerio de Cultura, Dirección General del Libro y Bibliotecas, _cD.L. 1986. |
||
| 300 |
_a99 p. : _bil. ; _c22 cm. |
||
| 504 | _aBibliografía. | ||
| 650 | 1 | 4 |
_aLiteratura infantil- _vBiobibliografías. _9149616 |
| 650 | 1 | 4 |
_aEscritores españoles- _yS.XX. _912391 |
| 710 | 2 |
_aAsociación Española de Amigos del IBBY. _91641 |
|
| 710 | 1 |
_aEspaña. _bDirección General del Libro y Bibliotecas. _93788 |
|
| 852 |
_aES-MaACL _jL-14832 _z. - rust. |
||
| 999 |
_c7584 _d7584 |
||